| 000 | 00489nam a22001811c 4500 | ||
|---|---|---|---|
| 001 | a987666551+[3] | ||
| 035 | _aa987666551 | ||
| 008 | 170707s2010 gw |||| 000u rus d | ||
| 100 | 1 |
_aPletneva, S. A. _910089 |
|
| 245 | 0 | 0 | _aChazary |
| 264 |
_aMoskva : _bAlgoritm [u.a.], _c2010 |
||
| 300 | _aS. 239-332 | ||
| 246 | 1 | 2 |
_aChazary : tainstvennyj sled v russkoj istorii. Chazary _n[3] |
| 773 | 0 |
_wa987666551 _q[3] _aChazary |
|
| 942 | _cMG | ||
| 040 | _cRU-10907106 | ||
| 003 | RU-10907106 | ||
| 999 |
_c43976 _d43976 |
||